Statistics for Countries With The Most Covid-19 Cases

Click here to take the quiz!

General Stats

  • This quiz has been taken 26 times
  • The average score is 8 of 10

Answer Stats

RankCasesCountry% Correct
0130 549 435United States
100%
064 337 696United Kingdom
94%
044 554 683France
88%
0312 039 644India
88%
073 544 957Italy
88%
054 536 820Russia
88%
0212 573 615Brazil
81%
102 796 400Germany
81%
083 270 825Spain
75%
093 240 577Turkey
56%

Score Distribution

Percentile by Number Answered

Percent of People with Each Score

Your Score History

You have not taken this quiz